Представление документа в формате RUSMARC

ПолеНазваниеЗначение
  Тип записи a
  Библиографический уровень m
001 Контрольный номер 4d24a16f2c914fdba211e92e922d14d6
005 Дата корректировки 20210304103952.6
010 Индекс ISBN __
a ISBN 978-5-17-133620-3
d Цена 105,00
101 Язык документа 0_
a Язык текста rus
102 Страна публикации __
a Страна публикации RU
200 Заглавие и сведения об ответственности 1_
a Заглавие Трудовой кодекс Российской Федерации на 2021 год
b Общее обозначение материала Текст
210 Выходные данные 1_
a Место издания Москва
c Издательство Издательство Аст
d Дата издания 2020
215 Физическое описание __
a Объем 272 с.
225 Серия 2_
a Серия Кодексы и законы
610 Ключевые слова 0_
a Ключевые слова кодексы
a Ключевые слова трудовой кодекс
a Ключевые слова официальное издание
a Ключевые слова право
a Ключевые слова законы
686 Индексы других классификаций __
a Классификационный индекс 67.405
801 Источник записи _0
a Страна RU
b Организация РУК
g Правила каталогизации PSBO
801 Источник записи _1
a Страна RU
b Организация РУК
g Правила каталогизации PSBO
852 Данные о местонахождении __
i Авторский знак Т 78
j Шифр хранения ББК 67.405
901 Тип документа __
t Тип документа m
937 Технологическая информация __
a Создатель записи (имя) Михно
938 Служебная информация __
a Название организации Поволжский филиал
952 Тип литературы __
c Вид литературы офиц. изд.